Most and Least Guessed Beatles Songs - Statistics

General Stats
  • This quiz has been taken 38 times
  • The average score is 14 of 35
Answer Stats
% Guessed Album Song % Correct
62 Abbey Road Come Together
86%
90 - Help!
86%
73 Past Masters Hey Jude
86%
89 Revolver Yellow Submarine
82%
67 Help! Yesterday
82%
66 Revolver Eleanor Rigby
79%
61 Abbey Road Here Comes the Sun
79%
93 - Let It Be
75%
58 Past Masters I Want to Hold Your Hand
68%
59 Magical Mystery Tour Penny Lane
64%
63 Sgt. Pepper's Lonely Hearts Club Band Lucy in the Sky with Diamonds
54%
64 Sgt. Pepper's Lonely Hearts Club Band Strawberry Fields Forever
54%
78 - A Hard Day's Night
50%
75 - Sgt. Pepper's Lonely Hearts Club Band
36%
74 - Please Please Me
32%
11 Past Masters Yes it Is
32%
12 With the Beatles Little Child
29%
12 Past Masters Matchbox
29%
- Anthology 2 Real Love
29%
11 A Hard Day's Night When I Get Home
29%
12 With the Beatles Devil in Her Heart
25%
- Anthology 1 Free as a Bird
25%
9 Past Masters I'll Get You
21%
10 With the Beatles Not a Second Time
21%
- 1967–1970 (Deluxe) Now and Then
21%
8 Past Masters Slow Down
21%
9 Past Masters Thank You Girl
21%
8 Past Masters I Call Your Name
18%
11 Help! Tell Me What You See
18%
10 Beatles for Sale What You're Doing
18%
12 With the Beatles All I've Got to Do
14%
11 Past Masters Bad Boy
14%
11 Beatles for Sale Every Little Thing
11%
- Past Masters Komm, gib mir deine Hand
7%
- Past Masters Sie liebt dich
7%
No matching quizzes found
Score Distribution
Percent of People with Each Score
Percentile by Number Answered
Your Score History
You have not taken this quiz